书目信息 |
| 题名: |
我的成功可以复制
|
|
| 作者: | 唐骏 著 | |
| 分册: | ||
| 出版信息: | 北京 中信出版社 2008.12 |
|
| 页数: | 236页 | |
| 开本: | 20cm | |
| 丛书名: | ||
| 单 册: | ||
| 中图分类: | K825.38=76 | |
| 科图分类: | ||
| 主题词: | 人物--传记--中国 | |
| 电子资源: | ||
| ISBN: | 978-7-5086-1336-9 | |
| 000 | 00615nam0 2200217 45 | |
| 001 | 0931584510 | |
| 005 | 20091009084812.93 | |
| 010 | @a978-7-5086-1336-9@dCNY38.00 | |
| 100 | @a20090515d2008 ekmy0 y0120 ea | |
| 102 | @aCN@b130000 | |
| 102 | @aCN@b110000 | |
| 105 | @ay z 000yy | |
| 200 | 1 | @a我的成功可以复制@Awo de cheng gong ke yi fu zhi@f唐骏等著@Ftang jun deng zhu |
| 210 | @a北京@c中信出版社@d2008.12 | |
| 215 | @a236页@d20cm | |
| 606 | 0 | @a人物@x传记@x中国 |
| 690 | @aK825.38=76@v4 | |
| 701 | 0 | @a唐骏@Atang jun@4著 |
| 801 | 0 | @aCN@c20091009 |
| 905 | @a10447@dK825.38=76@eT245 | |
| 906 | @d38@n3@r1 | |
| 我的成功可以复制/唐骏等著.-北京:中信出版社,2008.12 |
| 236页;20cm |
| ISBN 978-7-5086-1336-9:CNY38.00 |
| ● |
| 相关链接 |
|
|
|
正题名:我的成功可以复制
索取号:K825.38=76/T245
 
预约/预借
| 序号 | 登录号 | 条形码 | 馆藏地/架位号 | 状态 | 备注 |
| 1 | 895476 | 208954764 | 社科库309/309社科库 49排4列5层/ [索取号:K825.38=76/T245] | 在馆 | |
| 2 | 895477 | 208954773 | 社科库309/ [索取号:K825.38=76/T245] | 在馆 | |
| 3 | 895478 | 208954782 | 社科库309/309社科库 49排4列5层/ [索取号:K825.38=76/T245] | 在馆 |